LEADER 01140nam a2200265 u 4500 001 000000023861 003 CaOOAMICUS 005 20070226111303.0 008 950526s1972 it u000 u ita u 035 $a10602218 040 $aPUL(R)$bita 100 1 $aScotucci, Italo,$csac.,$d1921-1971.$0(OLS)http://pul/name/20047 245 13$aLa creazione in Rosmini /$cItalo Scottucci ; premessa di Clemente Riva. 260 $aRoma :$bEditrice Studium,$c1972. 300 $a116 p. ;$c23 cm 504 $aBibliografia in nota. 600 14$aRosmini Serbati, Antonio,$cI.D.C.,$d1797-1855$xCritica e interpretazione.$0(OLS)http://pul/subject/898 650 4$aCreazione.$0(OLS)http://pul/subject/1621 700 1 $aRiva, Clemente,$cvesc. di Atella,$d1922-1999.$0(OLS)http://pul/name/5774 850 $aPUL 852 $aPUL$W1$xDP1 Fondo Giannini$y60$m1555 D 43$j33432$nBK-PRI$b $qFondi$B33432$CPULBib$Z2$F33432 $H $81 941 1 $a1 961 $aINV: Fondo Giannini 996 $6245$aLa creazione in Rosmini$9(OLS)http://pul/title/33134 996 $6260$aRoma :$bEditrice Studium$9(OLS)http://pul/publisher/48180 LEADER 01471nam a2200301 u 4500 001 000000044526 003 CaOOAMICUS 005 20070226114547.0 008 990427s1977 it u000 u ita u 035 $a10821577 040 $aPUL(R)$bita 100 1 $aStrauss, Leo,$d1899-1973.$0(OLS)http://pul/name/26684 245 10$aChe cos'è la filosofia politica? :$bscritti su Hobbes e altri saggi /$cLeo Strauss ; con il saggio di Arnaldo Momigliano Ermeneutica e pensiero politico classico in L. Strauss ; a cura di Pier Franco Taboni. 260 $aUrbino :$bArgalìa Editore,$c1977. 300 $a415 p. ;$c24 cm 500 $aInclude indice. 504 $aBibliografia in nota. 600 14$aHobbes, Thomas,$d1588-1679.$0(OLS)http://pul/subject/2539 650 4$aFilosofia politica.$0(OLS)http://pul/subject/155 700 1 $aTaboni, Pier Franco.$0(OLS)http://pul/name/32489 700 12$aMomigliano, Arnaldo,$d1908-1987.$tErmeneutica e pensiero politico classico in L. Strauss.$0(OLS)http://pul/name/32488 850 $aPUL 852 $aPUL$W1$xDP1 Cons. Gen., Altre Classi 1$y22$m45 L 37$j59915$nBK-PRI$b $qStampati$B59915$CPULBib$Z2$F59915 $H $81 941 1 $a8 960 $aFilosofia della politica$9155 961 $aINV: 47576 996 $6245$aChe cos'è la filosofia politica? :$bscritti su Hobbes e altri saggi$9(OLS)http://pul/title/60014 996 $6260$aUrbino :$bArgalìa Editore$9(OLS)http://pul/publisher/65776